The Strength of the Hills (Record no. 578)

MARC details
000 -LEADER
fixed length control field 00295nam a2200109 4500
008 - FIXED-LENGTH DATA ELEMENTS--GENERAL INFORMATION
fixed length control field 160623b xxu||||| |||| 00| 0 eng d
100 ## - MAIN ENTRY--PERSONAL NAME
9 (RLIN) 714
Personal name Thane, E
245 ## - TITLE STATEMENT
Title The Strength of the Hills
260 ## - PUBLICATION, DISTRIBUTION, ETC. (IMPRINT)
Place of publication, distribution, etc. N.Y
Name of publisher, distributor, etc. Christian Herald House
Date of publication, distribution, etc. 1976
300 ## - PHYSICAL DESCRIPTION
Extent The Strength of the Hills
942 ## - ADDED ENTRY ELEMENTS (KOHA)
Source of classification or shelving scheme Dewey Decimal Classification
Koha item type BOOK
Holdings
Withdrawn status Lost status Source of classification or shelving scheme Damaged status Not for loan Home library Current library Shelving location Date acquired Total Checkouts Full call number Barcode Date last seen Price effective from Koha item type
    Dewey Decimal Classification     Good Samaritan School Library Good Samaritan School Library FICTION 06/23/2016   823 THA1410 06/23/2016 06/23/2016 BOOK

Powered by Koha